LEADER 01053oam 2200265z- 450 001 996211522303316 005 20160727154410.0 010 $a0-85296-394-7 035 $a(CKB)111026746749838 035 $a(EXLCZ)99111026746749838 100 $a20121017c1990uuuu -u- - 101 0 $aeng 200 00$aUK IT 1990 Conference, 19-22 March 1990 /$forganised by the Computing & Control Division of the Institution of Electrical Engineers in association with the British Computer Society, the Department of Trade and Industry, the Science Engineering Research Council 606 $aComputers$xCongresses 606 $aComputer software$xCongresses 606 $aAutomatic control$xCongresses 615 0$aComputers$xCongresses. 615 0$aComputer software$xCongresses. 615 0$aAutomatic control$xCongresses. 676 $a004 712 02$aInstitution of Electrical Engineers.$bComputing & Control Division. 906 $aPROCEEDING 912 $a996211522303316 996 $aUK IT 1990 Conference, 19-22 March 1990$92860634 997 $aUNISA